00195nam a22000857a 4500040000700000082000800007100002300015245004700038260002400085 cSK a171 aKAMONPORN TONGUHAI aDiagnostic procedures for finfish diseasea aTHAILANDbKAMc1999